ARRUPE JESUIT UNIVERSITY

CORONAVIRUS -STOP THE SPREAD - CLEAN,DISINFECT,COVER

Hunger for the Word : (Record no. 120478)

MARC details
000 -LEADER
fixed length control field 01460cam a22003734a 4500
001 - CONTROL NUMBER
control field 13904122
003 - CONTROL NUMBER IDENTIFIER
control field ARRUPE
005 - DATE AND TIME OF LATEST TRANSACTION
control field 20141028020007.0
008 - FIXED-LENGTH DATA ELEMENTS--GENERAL INFORMATION
fixed length control field 050317m20042006mnua b 001 0 eng
010 ## - LIBRARY OF CONGRESS CONTROL NUMBER
LC control number 2003021080
020 ## - INTERNATIONAL STANDARD BOOK NUMBER
International Standard Book Number 0814629202 (v. 1)
020 ## - INTERNATIONAL STANDARD BOOK NUMBER
International Standard Book Number 0814630081 (v. 2)
020 ## - INTERNATIONAL STANDARD BOOK NUMBER
International Standard Book Number 081463009X (v. 3)
040 ## - CATALOGING SOURCE
Original cataloging agency DLC
Transcribing agency DLC
Modifying agency DLC
042 ## - AUTHENTICATION CODE
Authentication code pcc
050 00 - LIBRARY OF CONGRESS CALL NUMBER
Classification number BS680.F6
Item number H86 2004
300 ## - PHYSICAL DESCRIPTION
Other physical details ill. ;
Dimensions 23 cm.
100 ## - MAIN ENTRY--PERSONAL NAME
Personal name Hollar, Larry,
9 (RLIN) 10124
245 00 - TITLE STATEMENT
Title Hunger for the Word :
Remainder of title lectionary reflections on food and justice /
Statement of responsibility, etc edited by Larry Hollar.
260 ## - PUBLICATION, DISTRIBUTION, ETC. (IMPRINT)
Place of publication, distribution, etc Collegeville, Minn. :
Name of publisher, distributor, etc Liturgical Press,
Date of publication, distribution, etc c2004-c2006.
300 ## - PHYSICAL DESCRIPTION
Extent 3 v. :
504 ## - BIBLIOGRAPHY, ETC. NOTE
Bibliography, etc Includes bibliographical references and index.
505 0# - FORMATTED CONTENTS NOTE
Formatted contents note v. 1. Year A -- v. 2. Year B -- v. 3 Year C.
650 #0 - SUBJECT ADDED ENTRY--TOPICAL TERM
Topical term or geographic name as entry element Food
General subdivision Biblical teaching.
9 (RLIN) 10125
650 #0 - SUBJECT ADDED ENTRY--TOPICAL TERM
Topical term or geographic name as entry element Hunger
General subdivision Biblical teaching.
9 (RLIN) 10126
650 #0 - SUBJECT ADDED ENTRY--TOPICAL TERM
Topical term or geographic name as entry element Food
General subdivision Religious aspects
-- Christianity
Form subdivision Meditations.
9 (RLIN) 10127
650 #0 - SUBJECT ADDED ENTRY--TOPICAL TERM
Topical term or geographic name as entry element Hunger
General subdivision Religious aspects
-- Christianity
Form subdivision Meditations.
9 (RLIN) 10128
650 #0 - SUBJECT ADDED ENTRY--TOPICAL TERM
Topical term or geographic name as entry element Church year.
9 (RLIN) 10129
700 1# - ADDED ENTRY--PERSONAL NAME
Personal name Hollar, Larry,
Dates associated with a name 1948-
9 (RLIN) 10130
856 41 - ELECTRONIC LOCATION AND ACCESS
Materials specified Table of contents
Uniform Resource Identifier <a href="http://www.loc.gov/catdir/toc/ecip049/2003021080.html">http://www.loc.gov/catdir/toc/ecip049/2003021080.html</a>
906 ## - LOCAL DATA ELEMENT F, LDF (RLIN)
a 7
b cbc
c orignew
d 2
e ncip
f 20
g y-gencatlg
942 ## - ADDED ENTRY ELEMENTS (KOHA)
Source of classification or shelving scheme Library of Congress Classification
Koha item type Monograph ( Printed materials)
Koha issues (borrowed), all copies 1
Holdings
Withdrawn status Lost status Source of classification or shelving scheme Damaged status Not for loan Collection code Home library Current library Shelving location Date acquired Total Checkouts Full call number Barcode Date last seen Copy number Price effective from Koha item type Date checked out
    Library of Congress Classification     Main Collection ARRUPE LIBRARY ARRUPE LIBRARY Main Collection 14/05/2014   BS680.F6 H86 2004 46500001567 07/12/2016 1 14/05/2014 Monograph ( Printed materials)  
    Library of Congress Classification     Main Collection ARRUPE LIBRARY ARRUPE LIBRARY Main Collection 14/05/2014 1 BS680.F6 H86 2004 46500001568 07/12/2016 2 14/05/2014 Monograph ( Printed materials) 27/10/2014

 

Arrupe Library. PO Box MP320 Mt Pleasant, Harare, Zimbabwe
263 242 745411|librarian@aju.ac.zw